|
|
|
|
| LEADER |
00000ngm a2200000 a 4500 |
| 001 |
vtls009067370 |
| 003 |
SK-MaSNL |
| 005 |
20260301170406.0 |
| 007 |
vf uuahau |
| 008 |
180815s1987 xo 086 vlcze |
| 020 |
|
|
|c 390.00
|
| 035 |
|
|
|a PPPK61250
|
| 040 |
|
|
|a SNK
|b slo
|c SNK
|e AACR2
|
| 041 |
0 |
|
|a cze
|
| 044 |
|
|
|a xo
|c SK
|
| 080 |
|
|
|a 791.43(437)(086.8)
|2 1981
|
| 245 |
|
|
|a Makový mužíček. Podivná přání telátka Kopejtka [videozáznam]
|c František Nepil
|h videozáznam
|
| 260 |
|
|
|a Praha
|b Supraphon
|c 1987
|
| 300 |
|
|
|a (86 min.) videokazeta
|
| 306 |
|
|
|a 012600
|
| 650 |
0 |
7 |
|a animované filmy
|2 PPPK
|9 3171
|
| 655 |
|
7 |
|a videokazety
|2 SNKPH
|9 70726
|
| 655 |
|
7 |
|a videokazety
|2 PPPK
|9 70726
|
| 700 |
1 |
|
|a Nepil, František,
|d 1929-1995
|4 ccp
|9 229408
|
| 700 |
1 |
|
|a Barchánek, Josef
|4 ccp
|9 536536
|
| 958 |
|
|
|a OND
|
| 999 |
|
|
|c 827445
|d 829375
|
| 952 |
|
|
|a SNK
|b SNK
|y NEVYP
|7 1
|p 17A0599850
|o snkIVC 13
|i snkJK 682/87
|0 0
|1 0
|4 0
|d 2008-10-02
|l 0
|r 2026-02-24 03:26:23
|w 2026-02-24
|